000 00286nam a22001217a 4500
008 171124b xxu||||| |||| 00| 0 eng d
041 _aeng
080 _a7
100 _a44
101 _aART
245 _aTHE AGE OF LOUIS XV FRENCH PAINTING 1710-1774
_cROSENBERG,P
942 _2udc
_cBK
999 _c38424
_d38424